MARC

LEADER 00000nam0a2200000 4500
001 354778
005 20231102010727.0
035 |a (RuTPU)RU\TPU\retro\12037 
090 |a 354778 
100 |a 20200625d1979 m y0rusy50 ca 
101 0 |a rus 
102 |a RU 
105 |a a j 001zy 
200 1 |a Облегченные металлические конструкции покрытий и перекрытий  |e учебное пособие  |f Н. М. Воронов, А. Н. Степаненко, В. А. Кравчук  |g Хабаровский политехнический институт ; под ред. Н. В. Поскребышевой 
210 |a Хабаровск  |c Изд-во ХПИ  |d 1979 
215 |a 88 с.  |c ил. 
320 |a Библиогр.: с. 88 
606 1 |a Металлические конструкции несущие облегченные  |2 stltpush  |3 (RuTPU)RU\TPU\subj\42342  |9 62012 
610 1 |a балки 
610 1 |a балки-стенки 
610 1 |a гофрированные профили 
610 1 |a расчет 
610 1 |a примеры 
610 1 |a расчет на прочность 
610 1 |a перфорированные стенки 
610 1 |a устойчивость 
610 1 |a деформативность 
610 1 |a стальные балки 
610 1 |a прогибы 
610 1 |a тонкостенные балки-стенки 
610 1 |a учебные пособия 
675 |a 624.014(075.8)  |v 4 
700 1 |a Воронов  |b Н. М.  |g Николай Михайлович 
701 1 |a Степаненко  |b А. Н.  |g Анатолий Николаевич 
701 1 |a Кравчук  |b В. А.  |g Валерий Андреевич 
702 1 |a Поскребышева  |b Н. В.  |4 340 
712 0 2 |a Хабаровский политехнический институт  |c (1962-1992)  |2 stltpush  |3 (RuTPU)RU\TPU\col\21333  |9 27985 
801 1 |a RU  |b 63413507  |c 20200625 
801 2 |a RU  |b 63413507  |c 20210115  |g RCR 
942 |c BK